| 000 | 00923nam0a2200289 4500 | ||
|---|---|---|---|
| 001 | RU\NLR\bibl\157502 | ||
| 005 | 20250618052642.0 | ||
| 010 |
_a5-264-00330-0 _97000 |
||
| 021 |
_aRU _b2000-44818 _92065 |
||
| 035 | _a(NLR Aleph) 000154472 | ||
| 090 |
_a887200 _c887200 |
||
| 100 | _a20010523d2000 |||y0rusy50 ca | ||
| 101 | 1 |
_arus _ceng |
|
| 102 | _aRU | ||
| 105 | _ay ||||||||| | ||
| 200 | 1 |
_aДушной ночью в Каролине _e[Роман] _fДжон Болл _g[Пер. В. Шацкова] |
|
| 210 |
_aМ. _cВагриус _d2000 |
||
| 215 |
_a269, [1] c. _d17 |
||
| 225 | 1 | _aКлассика детектива. XX век | |
| 686 | _aШ6(7США)62-446 | ||
| 700 | 1 |
_aБолл _bДж. _f1911-1988 _gДжон _4070 |
|
| 801 | 0 |
_aRU _bNLR _c20010523 _gPSBO |
|
| 801 | 1 |
_aRU _bNLR _c20010523 |
|
| 942 | _cBOOK | ||
| 980 | _aNB | ||